[Event "London PD/GLC Kings"]
[Site "London, County Hall"]
[Date "1984.04.26"]
[Round "1"]
[White "Polugaevsky, Lev"]
[Black "Seirawan, Yasser"]
[Result "1-0"]
[WhiteElo "2615"]
[BlackElo "2525"]
[PlyCount "87"]
[EventDate "1984.04.26"]
[EventType "tourn"]
[EventRounds "13"]
[EventCountry "ENG"]
[EventCategory "14"]
[SourceTitle "BritBase"]
[Source "John Saunders"]
[SourceDate "2020.09.07"]
[SourceVersion "1"]
[SourceVersionDate "2020.09.07"]
[SourceQuality "2"]

1. d4 Nf6 2. c4 e6 3. Nc3 Bb4 4. g3 c5 5. Nf3 cxd4 6. Nxd4 Qc7 7. Qd3 Nc6 8.
Ndb5 Qb8 9. Bf4 Ne5 10. Qd4 d6 11. Nxd6+ Bxd6 12. O-O-O Nxc4 13. Qxc4 Bxf4+ 14.
gxf4 O-O 15. Rg1 Nd5 16. e3 Nxc3 17. Qxc3 g6 18. h4 b5 19. h5 Bb7 20. Qf6 Be4
21. Bd3 Qc7+ 22. Kb1 Bxd3+ 23. Rxd3 Rfc8 24. Rd2 Qc5 25. hxg6 hxg6 26. e4 Qf8
27. f5 exf5 28. exf5 Qg7 29. Qd6 g5 30. f4 g4 31. Rdg2 Rd8 32. Rxg4 Rxd6 33.
Rxg7+ Kh8 34. Rxf7 Rh6 35. Rb7 a6 36. a3 Rf8 37. Rg6 Rxg6 38. fxg6 Rxf4 39. Rb6
Ra4 40. Kc2 Kg7 41. Kd3 Kh6 42. Kc3 Kg7 43. Rd6 Rc4+ 44. Kd3 1-0

[Event "London PD/GLC Kings"]
[Site "London, County Hall"]
[Date "1984.04.27"]
[Round "2"]
[White "Karpov, Anatoly"]
[Black "Chandler, Murray G"]
[Result "1-0"]
[WhiteElo "2700"]
[BlackElo "2515"]
[PlyCount "73"]
[EventDate "1984.04.26"]
[EventType "tourn"]
[EventRounds "13"]
[EventCountry "ENG"]
[EventCategory "14"]
[SourceTitle "BritBase"]
[Source "John Saunders"]
[SourceDate "2020.09.07"]
[SourceVersion "1"]
[SourceVersionDate "2020.09.07"]
[SourceQuality "2"]

1. d4 d5 2. c4 e6 3. Nf3 c5 4. cxd5 exd5 5. g3 Nf6 6. Bg2 Be7 7. O-O O-O 8. Nc3
Nc6 9. dxc5 Bxc5 10. Bg5 d4 11. Bxf6 Qxf6 12. Nd5 Qd8 13. Nd2 Re8 14. Rc1 Bb6
15. Re1 Be6 16. Nf4 Bxa2 17. b3 Ba5 18. Rc2 Bxb3 19. Nxb3 d3 20. Rxc6 Bxe1 21.
Rc1 d2 22. Rb1 a5 23. Nd3 Qg5 24. Nbc5 Rad8 25. Bxb7 h5 26. Bf3 Qf5 27. Kg2 h4
28. g4 Qg5 29. h3 Rd4 30. Qb3 g6 31. e3 Rdd8 32. Ne4 a4 33. Qxa4 Qe7 34. g5
Rxd3 35. Nf6+ Kf8 36. Qxh4 Qd8 37. Rb7 1-0

[Event "London PD/GLC Kings"]
[Site "London, County Hall"]
[Date "1984.04.27"]
[Round "2"]
[White "Mestel, A Jonathan"]
[Black "Polugaevsky, Lev"]
[Result "1/2-1/2"]
[WhiteElo "2540"]
[BlackElo "2615"]
[PlyCount "28"]
[EventDate "1984.04.26"]
[EventType "tourn"]
[EventRounds "13"]
[EventCountry "ENG"]
[EventCategory "14"]
[SourceTitle "BritBase"]
[Source "John Saunders"]
[SourceDate "2020.09.07"]
[SourceVersion "1"]
[SourceVersionDate "2020.09.07"]
[SourceQuality "2"]

1. Nf3 Nf6 2. c4 e6 3. g3 d5 4. b3 Be7 5. Bg2 c5 6. O-O O-O 7. Bb2 Nc6 8. e3 b6
9. d4 Bb7 10. cxd5 Nxd5 11. Nc3 Rc8 12. dxc5 Bxc5 13. Ne5 Qe7 14. Qg4 f5
1/2-1/2

[Event "London PD/GLC Kings"]
[Site "London, County Hall"]
[Date "1984.04.28"]
[Round "3"]
[White "Vaganian, Rafael"]
[Black "Korchnoi, Viktor"]
[Result "1/2-1/2"]
[WhiteElo "2630"]
[BlackElo "2635"]
[PlyCount "129"]
[EventDate "1984.04.26"]
[EventType "tourn"]
[EventRounds "13"]
[EventCountry "ENG"]
[EventCategory "14"]
[SourceTitle "BritBase"]
[Source "John Saunders"]
[SourceDate "2020.09.07"]
[SourceVersion "1"]
[SourceVersionDate "2020.09.07"]
[SourceQuality "2"]

1. Nf3 Nf6 2. c4 e6 3. g3 a6 4. Bg2 b5 5. Ne5 Ra7 6. cxb5 axb5 7. Qb3 Bb7 8.
O-O Bxg2 9. Kxg2 c6 10. d4 Be7 11. Bg5 d6 12. Nf3 Nbd7 13. Nbd2 h6 14. Bxf6
Nxf6 15. Rfc1 Qa8 16. Rc2 O-O 17. Rac1 Ra6 18. e4 c5 19. dxc5 dxc5 20. Qxb5
Rxa2 21. Qe2 Rb8 22. b3 Rxc2 23. Rxc2 Rb4 24. Rc4 Rxc4 25. Qxc4 Nd7 26. Qb5 Nf6
27. Qd3 Qd8 28. Ne5 Qxd3 29. Nxd3 Kf8 30. f4 Ke8 31. Kf3 Nd7 32. Nc4 Kd8 33. f5
exf5 34. exf5 Ke8 35. Nd2 Bf6 36. Ke4 Bc3 37. Nf3 Nf6+ 38. Ke3 Nd7 39. Nf4 Nb6
40. Kd3 Ba1 41. Nd2 Kd7 42. Nc4 Nc8 43. Ke4 Kc6 44. g4 Nd6+ 45. Nxd6 Kxd6 46.
h3 Kc6 47. Nd5 Bd4 48. Nb4+ Kd6 49. Nc2 Bf2 {(sealed)} 50. Na3 f6 51. Nb5+ Kc6
52. Nc3 Bg3 53. Nd5 Kd6 54. Ne3 Bh2 55. Nf1 Be5 56. Nd2 Kc6 57. Nc4 Bh2 58. Na3
Kd6 59. Nc4+ Kc6 60. Kd3 Bf4 61. Nb2 Kd5 62. Na4 Bh2 63. Nb6+ Kc6 64. Nc4 Kd5
65. Nb6+ 1/2-1/2

[Event "London PD/GLC Kings"]
[Site "London, County Hall"]
[Date "1984.04.29"]
[Round "4"]
[White "Karpov, Anatoly"]
[Black "Polugaevsky, Lev"]
[Result "1/2-1/2"]
[WhiteElo "2700"]
[BlackElo "2615"]
[PlyCount "50"]
[EventDate "1984.04.26"]
[EventType "tourn"]
[EventRounds "13"]
[EventCountry "ENG"]
[EventCategory "14"]
[SourceTitle "BritBase"]
[Source "John Saunders"]
[SourceDate "2020.09.07"]
[SourceVersion "1"]
[SourceVersionDate "2020.09.07"]
[SourceQuality "2"]

1. Nf3 Nf6 2. c4 c5 3. Nc3 Nc6 4. d4 cxd4 5. Nxd4 e6 6. Ndb5 d5 7. Bf4 e5 8.
cxd5 exf4 9. dxc6 bxc6 10. Qxd8+ Kxd8 11. Rd1+ Bd7 12. Nd6 Bxd6 13. Rxd6 Rb8
14. Rd2 Re8 15. g3 f3 16. Kd1 fxe2+ 17. Bxe2 Kc7 18. Bc4 Bg4+ 19. Kc2 Re7 20.
b3 Rd8 21. Rxd8 Kxd8 22. f4 Bf5+ 23. Kc1 Kc7 24. Nd1 Ne8 25. Kd2 Nd6 1/2-1/2

[Event "London PD/GLC Kings"]
[Site "London, County Hall"]
[Date "1984.04.29"]
[Round "4"]
[White "Torre, Eugenio"]
[Black "Speelman, Jonathan S"]
[Result "1/2-1/2"]
[WhiteElo "2565"]
[BlackElo "2495"]
[PlyCount "168"]
[EventDate "1984.04.26"]
[EventType "tourn"]
[EventRounds "13"]
[EventCountry "ENG"]
[EventCategory "14"]
[SourceTitle "BritBase"]
[Source "John Saunders"]
[SourceDate "2020.09.07"]
[SourceVersion "1"]
[SourceVersionDate "2020.09.07"]
[SourceQuality "2"]

1. d4 Nf6 2. c4 e6 3. Nc3 Bb4 4. e3 O-O 5. Bd3 d5 6. cxd5 exd5 7. Nge2 Re8 8.
Qc2 Bf8 9. O-O g6 10. a3 Nc6 11. f3 Bg7 12. Kh1 b6 13. Bd2 Bb7 14. Rae1 a6 15.
b4 Re7 16. Qa2 Qd7 17. Bc2 Nd8 18. Nf4 Ne6 19. Nd3 Qd6 20. Rc1 c6 21. Be1 Qd8
22. Bh4 Re8 23. Ne5 c5 24. bxc5 bxc5 25. Ba4 cxd4 26. Bxe8 Qxe8 27. exd4 Nxd4
28. Rfe1 Ne4 29. Nxe4 dxe4 30. Nxf7 Qxf7 31. Qxf7+ Kxf7 32. Rc7+ Kg8 33. Rxb7
exf3 34. gxf3 Nxf3 35. Ree7 Bf8 36. Rxh7 Nxh4 37. Rxh4 Bxa3 38. Rg4 Bf8 39.
Rxg6+ Kh8 40. Rg4 Rc8 41. Ra7 a5 {(sealed)} 42. Rxa5 Bg7 43. Ra2 Rb8 44. Kg2
Rc8 45. Kf3 Rb8 46. Re4 Rb3+ 47. Kg4 Rb5 48. Rf4 Kh7 49. Rg2 Ra5 50. Rf5 Ra4+
51. Kf3 Ra3+ 52. Kg4 Ra4+ 53. Kh5 Ra6 54. Rf7 Kh8 55. Re7 Ra5+ 56. Kg6 Ra6+ 57.
Kf7 Rf6+ 58. Ke8 Ra6 59. Rc7 Re6+ 60. Kd7 Re4 61. Rc5 Kh7 {(sealed - game
resumed 2 May)} 62. Kc8 Re8+ 63. Kb7 Re4 64. Rc7 Kh8 65. Rd7 Rc4 66. h3 Rh4 67.
Kc8 Rc4+ 68. Rc7 Rf4 69. Rg6 Rf8+ 70. Kb7 Rf4 71. Rd7 Rb4+ 72. Kc8 Rc4+ 73. Rc7
Rf4 74. h4 Rf8+ 75. Kb7 Rf5 76. Rd7 Rb5+ 77. Kc8 Rc5+ 78. Rc7 Rf5 79. h5 Bf8
80. Kd7 Rxh5 {(sealed)} 81. Ke8 Rf5 82. Rg4 Bg7 83. Rf7 Ra5 84. Re7 Ra6 1/2-1/2

[Event "London PD/GLC Kings"]
[Site "London, County Hall"]
[Date "1984.05.01"]
[Round "5"]
[White "Miles, Anthony J"]
[Black "Torre, Eugenio"]
[Result "1/2-1/2"]
[WhiteElo "2615"]
[BlackElo "2565"]
[PlyCount "130"]
[EventDate "1984.04.26"]
[EventType "tourn"]
[EventRounds "13"]
[EventCountry "ENG"]
[EventCategory "14"]
[SourceTitle "BritBase"]
[Source "John Saunders"]
[SourceDate "2020.09.07"]
[SourceVersion "1"]
[SourceVersionDate "2020.09.07"]
[SourceQuality "2"]

1. d4 Nf6 2. c4 e6 3. Nc3 Bb4 4. e3 c5 5. Nge2 cxd4 6. exd4 d5 7. c5 Ne4 8. Bd2
Nxd2 9. Qxd2 a5 10. a3 Bxc3 11. Nxc3 a4 12. Bd3 b6 13. O-O bxc5 14. dxc5 Qa5
15. Rac1 O-O 16. Rfe1 Nd7 17. Qc2 Nf6 18. Na2 Ba6 19. Bxa6 Qxa6 20. Nb4 Qb5 21.
f3 Rfc8 22. Qf2 Ra5 23. c6 Ne8 24. Kh1 Nd6 25. Rc3 Nc4 26. f4 Qb6 27. Qe2 Nd6
28. Rec1 g6 29. R3c2 Nc4 30. Re1 Qd4 31. Qf3 Ra7 32. Qf2 Qxf2 33. Rxf2 h5 34.
g3 Rac7 35. Kg2 Kf8 36. h3 Rxc6 37. Nxc6 Rxc6 38. g4 hxg4 39. hxg4 Ke7 40. Rh1
Rc8 41. Kg3 Rb8 42. Rc1 Kd6 43. Rfc2 Kc5 {(sealed - resumed 3 May)} 44. Kh4 f6
45. g5 Rh8+ 46. Kg4 f5+ 47. Kg3 Rh5 48. Re2 Kd6 49. Rh2 Rxh2 50. Kxh2 e5 51.
fxe5+ Kxe5 52. Kg3 Ke4 53. Kf2 f4 54. Rc3 Nxb2 55. Rc6 Nd3+ 56. Kf1 Ne5 57. Ra6
d4 58. Rxa4 f3 59. Ra8 {(sealed - resumed 5 May)} d3 60. Rd8 Nc6 61. Re8+ Kf4
62. Rf8+ Ke3 63. Re8+ Kf4 64. Rf8+ Ke3 65. Re8+ Kf4 1/2-1/2

[Event "London PD/GLC Kings"]
[Site "London, County Hall"]
[Date "1984.05.01"]
[Round "5"]
[White "Vaganian, Rafael"]
[Black "Mestel, A Jonathan"]
[Result "1-0"]
[WhiteElo "2630"]
[BlackElo "2540"]
[PlyCount "61"]
[EventDate "1984.04.26"]
[EventType "tourn"]
[EventRounds "13"]
[EventCountry "ENG"]
[EventCategory "14"]
[SourceTitle "BritBase"]
[Source "John Saunders"]
[SourceDate "2020.09.07"]
[SourceVersion "1"]
[SourceVersionDate "2020.09.07"]
[SourceQuality "2"]

1. d4 Nf6 2. Nf3 g6 3. c4 Bg7 4. g3 O-O 5. Bg2 d6 6. O-O Nc6 7. Nc3 a6 8. h3
Rb8 9. e4 b5 10. e5 dxe5 11. dxe5 Qxd1 12. Rxd1 Nd7 13. e6 fxe6 14. cxb5 axb5
15. Bf4 b4 16. Na4 e5 17. Be3 Nd8 18. Rac1 Ne6 19. Ng5 Nf6 20. Nxe6 Bxe6 21.
Nc5 Bc8 22. Nb3 Be6 23. Rxc7 Rfd8 24. Rxd8+ Rxd8 25. Rxe7 Rd1+ 26. Kh2 Bd5 27.
Bc5 Bxb3 28. axb3 Bf8 29. Rxe5 Rd2 30. Be3 Rxb2 31. Bf1 1-0

[Event "London PD/GLC Kings"]
[Site "London, County Hall"]
[Date "1984.05.02"]
[Round "6"]
[White "Mestel, A Jonathan"]
[Black "Korchnoi, Viktor"]
[Result "1/2-1/2"]
[WhiteElo "2540"]
[BlackElo "2635"]
[PlyCount "63"]
[EventDate "1984.04.26"]
[EventType "tourn"]
[EventRounds "13"]
[EventCountry "ENG"]
[EventCategory "14"]
[SourceTitle "BritBase"]
[Source "John Saunders"]
[SourceDate "2020.09.07"]
[SourceVersion "1"]
[SourceVersionDate "2020.09.07"]
[SourceQuality "2"]

1. e4 e6 2. d4 d5 3. Nc3 Bb4 4. e5 c5 5. a3 Bxc3+ 6. bxc3 Ne7 7. Qg4 O-O 8. Nf3
Nbc6 9. Bd3 f5 10. exf6 Rxf6 11. Bg5 Rf7 12. Bxe7 Rxe7 13. Qh4 g6 14. O-O c4
15. Be2 Kg7 16. Rfe1 Bd7 17. Bf1 Rf7 18. Ng5 h5 19. g3 Rf5 20. f4 Qa5 21. Re3
Re8 22. Bh3 Rf6 23. Rae1 Nd8 24. g4 Rxf4 25. Qg3 Ref8 26. gxh5 R8f6 27. Bxe6
Nxe6 28. Nxe6+ Bxe6 29. Rxe6 Qxa3 30. hxg6 Rxe6 31. Rxe6 Rf6 32. Rxf6 1/2-1/2

[Event "London PD/GLC Kings"]
[Site "London, County Hall"]
[Date "1984.05.03"]
[Round "7"]
[White "Korchnoi, Viktor"]
[Black "Torre, Eugenio"]
[Result "1/2-1/2"]
[WhiteElo "2635"]
[BlackElo "2565"]
[PlyCount "131"]
[EventDate "1984.04.26"]
[EventType "tourn"]
[EventRounds "13"]
[EventCountry "ENG"]
[EventCategory "14"]
[SourceTitle "BritBase"]
[Source "John Saunders"]
[SourceDate "2020.09.07"]
[SourceVersion "1"]
[SourceVersionDate "2020.09.07"]
[SourceQuality "2"]

1. d4 Nf6 2. c4 g6 3. Nf3 Bg7 4. g3 O-O 5. Bg2 c6 6. O-O d6 7. Nc3 Bf5 8. Ne1
Qd7 9. e4 Bh3 10. Qe2 Bxg2 11. Nxg2 Na6 12. Rd1 Nc7 13. a4 Rfd8 14. f3 Qe8 15.
Be3 Nd7 16. f4 Ne6 17. f5 Nef8 18. Rf1 c5 19. d5 Ne5 20. Bd2 Nfd7 21. Nf4 Nf6
22. b3 Qd7 23. Rae1 a6 24. a5 Qc8 25. Na4 Nfd7 26. Rb1 Rb8 27. Kh1 Re8 28. g4
b5 29. axb6 Nxb6 30. Nxb6 Rxb6 31. Nd3 Nd7 32. Ba5 Rb7 33. g5 Qb8 34. Qg2 Bd4
35. Rf3 e6 36. dxe6 fxe6 37. f6 Nf8 38. b4 Rc8 39. Rff1 e5 40. Qe2 Kf7 41. Rb3
{(sealed - resumed 6 May)} Ne6 42. Qg4 Rh8 43. Rfb1 Qa8 44. Ne1 cxb4 45. Nf3
Bc5 46. Qh3 Nf4 47. Qg4 Qc8 48. Qh4 Qc6 49. Bxb4 Qxe4 50. Bxc5 Rxb3 51. Rxb3
dxc5 52. Qe1 Qxe1+ 53. Nxe1 Rd8 54. Rb7+ Kf8 55. h4 Rd1 56. Rb8+ Kf7 57. Rb7+
Ke8 58. Rb8+ Kd7 59. Rb7+ Kd8 60. Rb8+ Kc7 61. f7 Rxe1+ 62. Kh2 Ne6 63. Re8 Rf1
64. Rxe6 Rxf7 65. Rxa6 Kd7 66. Kg3 1/2-1/2

[Event "London PD/GLC Kings"]
[Site "London, County Hall"]
[Date "1984.05.03"]
[Round "7"]
[White "Polugaevsky, Lev"]
[Black "Chandler, Murray G"]
[Result "1/2-1/2"]
[WhiteElo "2615"]
[BlackElo "2515"]
[PlyCount "66"]
[EventDate "1984.04.26"]
[EventType "tourn"]
[EventRounds "13"]
[EventCountry "ENG"]
[EventCategory "14"]
[SourceTitle "BritBase"]
[Source "John Saunders"]
[SourceDate "2020.09.07"]
[SourceVersion "1"]
[SourceVersionDate "2020.09.07"]
[SourceQuality "2"]

1. d4 d5 2. c4 e6 3. Nf3 c5 4. cxd5 exd5 5. g3 Nf6 6. Bg2 Be7 7. O-O O-O 8. Nc3
Nc6 9. Bg5 cxd4 10. Nxd4 Re8 11. Qa4 Bd7 12. Rad1 h6 13. Bxf6 Bxf6 14. Ndb5 d4
15. Ne4 Be5 16. Nbd6 Bxd6 17. Nxd6 Rxe2 18. Nxb7 Qf6 19. Nc5 Be8 20. b4 Ne5 21.
b5 Rc8 22. Nd3 Nxd3 23. Rxd3 Rb2 24. Bc6 Bxc6 25. bxc6 Rxc6 26. Qxa7 Rd6 27. a4
g6 28. Qc5 Rd8 29. Qc4 Qe5 30. a5 Qxa5 31. Rxd4 Rxd4 32. Qxd4 Rd2 33. Qe3 Kg7
1/2-1/2

[Event "London PD/GLC Kings"]
[Site "London, County Hall"]
[Date "1984.05.05"]
[Round "8"]
[White "Karpov, Anatoly"]
[Black "Korchnoi, Viktor"]
[Result "1-0"]
[WhiteElo "2700"]
[BlackElo "2635"]
[PlyCount "75"]
[EventDate "1984.04.26"]
[EventType "tourn"]
[EventRounds "13"]
[EventCountry "ENG"]
[EventCategory "14"]
[SourceTitle "BritBase"]
[Source "John Saunders"]
[SourceDate "2020.09.07"]
[SourceVersion "1"]
[SourceVersionDate "2020.09.07"]
[SourceQuality "2"]

1. Nf3 Nf6 2. c4 g6 3. Nc3 d5 4. d4 Bg7 5. Bg5 Ne4 6. cxd5 Nxg5 7. Nxg5 e6 8.
Nf3 exd5 9. e3 O-O 10. b4 Be6 11. Be2 Nd7 12. O-O f5 13. Re1 g5 14. Rc1 Kh8 15.
Bd3 c6 16. b5 g4 17. Nd2 c5 18. dxc5 Nxc5 19. Nb3 Nxb3 20. axb3 Rc8 21. Ne2
Rxc1 22. Qxc1 Qb6 23. Nf4 Bg8 24. g3 d4 25. Bc4 Rc8 26. Qb1 dxe3 27. Rxe3 Qc5
28. Qe1 Bd4 29. Re2 Bxc4 30. bxc4 Rg8 31. Qc1 Rc8 32. Qc2 Bg7 33. Qd3 Qd4 34.
Qxf5 Qxc4 35. Re7 Rd8 36. Kg2 Qb3 37. Qxg4 Rg8 38. Ng6+ 1-0

[Event "London PD/GLC Kings"]
[Site "London, County Hall"]
[Date "1984.05.06"]
[Round "9"]
[White "Mestel, A Jonathan"]
[Black "Torre, Eugenio"]
[Result "1/2-1/2"]
[WhiteElo "2540"]
[BlackElo "2565"]
[PlyCount "113"]
[EventDate "1984.04.26"]
[EventType "tourn"]
[EventRounds "13"]
[EventCountry "ENG"]
[EventCategory "14"]
[SourceTitle "BritBase"]
[Source "John Saunders"]
[SourceDate "2020.09.07"]
[SourceVersion "1"]
[SourceVersionDate "2020.09.07"]
[SourceQuality "2"]

1. e4 e5 2. Nf3 Nc6 3. Bb5 a6 4. Ba4 Nf6 5. O-O Be7 6. Re1 b5 7. Bb3 d6 8. c3
O-O 9. h3 Nd7 10. d4 Bf6 11. Be3 Na5 12. Bc2 Nc4 13. Bc1 c5 14. b3 Ncb6 15. d5
c4 16. b4 a5 17. a4 axb4 18. cxb4 Nxa4 19. Bxa4 Nb6 20. Nc3 Bd7 21. Qc2 Nxa4
22. Nxa4 Qc7 23. Nd2 Rfc8 24. Nb1 Rxa4 25. Rxa4 bxa4 26. Nc3 Qb7 27. Ba3 Bb5
28. Ra1 Ra8 29. Bc1 h6 30. Ra2 Qa6 31. Qd1 Bd7 32. Ba3 Be7 33. Rb2 Bb5 34. Ra2
Bg5 35. Qg4 Qb7 36. Qe2 Qd7 37. Rc2 Rc8 38. Ra2 Rc7 39. g3 Qe8 40. Rc2 Be7 41.
Kh2 g6 42. Qe3 Bd7 43. Qxh6 Rb7 44. Nd1 {(sealed - resumed 9 May)} Qc8 45. Rc3
Bf8 46. Qh4 Bb5 47. f3 Be7 48. Qh6 Qd8 49. Qe3 Bg5 50. Qf2 Qc8 51. Rc2 Bd8 52.
Nc3 Bb6 53. Qe2 Bd7 54. b5 Bc5 55. Bxc5 Qxc5 56. Nxa4 Qxb5 57. Rb2 1/2-1/2

[Event "London PD/GLC Kings"]
[Site "London, County Hall"]
[Date "1984.05.07"]
[Round "10"]
[White "Karpov, Anatoly"]
[Black "Mestel, A Jonathan"]
[Result "1-0"]
[WhiteElo "2700"]
[BlackElo "2540"]
[PlyCount "121"]
[EventDate "1984.04.26"]
[EventType "tourn"]
[EventRounds "13"]
[EventCountry "ENG"]
[EventCategory "14"]
[SourceTitle "BritBase"]
[Source "John Saunders"]
[SourceDate "2020.09.07"]
[SourceVersion "1"]
[SourceVersionDate "2020.09.07"]
[SourceQuality "2"]

1. e4 e6 2. d4 d5 3. Nd2 Nf6 4. e5 Nfd7 5. c3 c5 6. Bd3 Nc6 7. Ne2 cxd4 8. cxd4
f6 9. exf6 Nxf6 10. O-O Bd6 11. Nf3 Qc7 12. Nc3 a6 13. Bg5 O-O 14. Bh4 Nh5 15.
Re1 g6 16. Rc1 Qg7 17. Bf1 Bd7 18. Bg5 h6 19. Be3 Rf7 20. g3 Raf8 21. Bg2 Nf6
22. h3 g5 23. Nh2 Kh8 24. Na4 Re7 25. Nc5 Be8 26. Qd2 Nd7 27. Nxd7 Rxd7 28. a3
Rdf7 29. Ng4 Rf5 30. b4 Bb8 31. Ne5 Nxe5 32. dxe5 Bb5 33. Bc5 R8f7 34. Bd4 Rf8
35. Rc3 Kg8 36. Qd1 Qf7 37. Qc2 Bc4 38. Bf3 Rxf3 39. Rxf3 Qxf3 40. Qg6+ Kh8 41.
Qxh6+ Kg8 42. Qg6+ Kh8 43. Qxe6 Kh7 44. Qe7+ Qf7 45. Qxg5 Qe6 46. Kg2 Bd3 47.
f3 Bg6 48. g4 Bc7 49. Qh4+ Kg8 50. Qg3 Qc6 51. Qf2 Be4 52. Re3 Qe6 53. Qe1 Bg6
54. Rc3 Rf4 55. Rxc7 Rxd4 56. Qe3 Rc4 57. Rxb7 d4 {(sealed - resumed 8 May)}
58. Qh6 Rc2+ 59. Kg1 Bf7 60. Rb8+ Rc8 61. Qxe6 1-0

[Event "London PD/GLC Kings"]
[Site "London, County Hall"]
[Date "1984.05.08"]
[Round "11"]
[White "Torre, Eugenio"]
[Black "Karpov, Anatoly"]
[Result "1-0"]
[WhiteElo "2565"]
[BlackElo "2700"]
[PlyCount "90"]
[EventDate "1984.04.26"]
[EventType "tourn"]
[EventRounds "13"]
[EventCountry "ENG"]
[EventCategory "14"]
[SourceTitle "BritBase"]
[Source "John Saunders"]
[SourceDate "2020.09.07"]
[SourceVersion "1"]
[SourceVersionDate "2020.09.07"]
[SourceQuality "2"]

1. d4 Nf6 2. c4 e6 3. Nc3 Bb4 4. e3 c5 5. Nge2 cxd4 6. exd4 O-O 7. a3 Be7 8. d5
exd5 9. cxd5 Bc5 10. b4 Bb6 11. Na4 d6 12. Nxb6 axb6 13. Ng3 Re8+ 14. Be2 Re5
15. Bb2 Rxd5 16. Qc1 Nc6 17. O-O Ne5 18. Qe3 Be6 19. h3 b5 20. Rac1 Bd7 21.
Rfe1 Rc8 22. Rxc8 Qxc8 23. f4 Ng6 24. Bxf6 gxf6 25. Bf3 Qc4 26. Bxd5 Qxd5 27.
Ne4 Kg7 28. Nxf6 Kxf6 29. Qc3+ Ne5 30. fxe5+ dxe5 31. Rf1+ Ke6 32. Qc2 e4 33.
Qc3 f5 34. Qg7 Qd2 35. Qxh7 Qe3+ 36. Kh2 Qg5 37. h4 Qg4 38. Qh6+ Ke5 39. Qg5
Qxg5 40. hxg5 e3 41. g6 Kf6 42. Kg3 Be6 43. Kf4 e2 44. Re1 Bc4 45. g7 Kxg7 {
(sealed)} 1-0

[Event "London PD/GLC Kings"]
[Site "London, County Hall"]
[Date "1984.05.11"]
[Round "13"]
[White "Mestel, A Jonathan"]
[Black "Chandler, Murray G"]
[Result "1/2-1/2"]
[WhiteElo "2540"]
[BlackElo "2515"]
[PlyCount "93"]
[EventDate "1984.04.26"]
[EventType "tourn"]
[EventRounds "13"]
[EventCountry "ENG"]
[EventCategory "14"]
[SourceTitle "BritBase"]
[Source "John Saunders"]
[SourceDate "2020.09.07"]
[SourceVersion "1"]
[SourceVersionDate "2020.09.07"]
[SourceQuality "2"]

1. c4 e6 2. d4 d5 3. Nf3 Nf6 4. Nc3 Be7 5. Bg5 h6 6. Bxf6 Bxf6 7. e3 O-O 8. Qd2
Nc6 9. O-O-O dxc4 10. Bxc4 e5 11. d5 Na5 12. Be2 b6 13. Qc2 g6 14. h4 h5 15.
Ng5 Bxg5 16. hxg5 Bf5 17. e4 Qxg5+ 18. Kb1 Bd7 19. g3 Kg7 20. Rdf1 Rh8 21. f4
Qf6 22. Nb5 c6 23. Qc3 exf4 24. e5 Qf5+ 25. Ka1 cxb5 26. Rxf4 Qg5 27. e6+ f6
28. exd7 a6 29. Qc7 Rad8 30. Qxb6 Qe5 31. Qxa5 Rxd7 32. Bf3 Rc8 33. Qd2 Rdc7
34. a3 g5 35. Re4 Qxg3 36. Bxh5 Qb3 37. Re3 Rc2 38. Rxb3 Rxd2 39. Bf3 f5 40.
Kb1 g4 41. Rc1 Rh8 42. Bd1 Rxd5 43. Re3 Kf6 44. Bb3 Rd2 45. Rc6+ Kg5 46. Bc2
Rh1+ 47. Ka2 1/2-1/2

[Event "London PD/GLC Kings"]
[Site "London, County Hall"]
[Date "1984.05.11"]
[Round "13"]
[White "Torre, Eugenio"]
[Black "Andersson, Ulf"]
[Result "1/2-1/2"]
[WhiteElo "2565"]
[BlackElo "2630"]
[PlyCount "99"]
[EventDate "1984.04.26"]
[EventType "tourn"]
[EventRounds "13"]
[EventCountry "ENG"]
[EventCategory "14"]
[SourceTitle "BritBase"]
[Source "John Saunders"]
[SourceDate "2020.09.07"]
[SourceVersion "1"]
[SourceVersionDate "2020.09.07"]
[SourceQuality "2"]

1. d4 Nf6 2. c4 e6 3. Nc3 Bb4 4. e3 c5 5. Nge2 d5 6. a3 Bxc3+ 7. Nxc3 cxd4 8.
exd4 dxc4 9. Bxc4 O-O 10. O-O Nc6 11. Be3 b6 12. Qd3 Bb7 13. Rad1 h6 14. Ba2
Ne7 15. Bf4 Nfd5 16. Bb1 Ng6 17. Bg3 Nxc3 18. bxc3 Qd5 19. f3 Rac8 20. Rc1 Rfd8
21. Rfd1 Qb3 22. c4 Qxd3 23. Bxd3 Ne7 24. Be4 Rd7 25. a4 Kf8 26. c5 Bxe4 27.
fxe4 Ke8 28. Bd6 bxc5 29. dxc5 f6 30. e5 Rc6 31. Rf1 Kf7 32. g4 Nc8 33. exf6
Nxd6 34. fxg7+ Kxg7 35. cxd6 Rdxd6 36. Rxc6 Rxc6 37. Rf4 e5 38. Rb4 Kf6 39. Kf2
Kg5 40. Re4 Kh4 41. Rxe5 Kxg4 42. Ra5 a6 43. Kg2 Rd6 44. Rc5 Rd2+ 45. Kg1 Rd4
46. Rc6 Rxa4 47. Rxh6 a5 48. Kf2 Re4 49. Ra6 Re5 50. Ra8 1/2-1/2

[Event "London PD/GLC Kings"]
[Site "London, County Hall"]
[Date "1984.05.11"]
[Round "13"]
[White "Vaganian, Rafael"]
[Black "Speelman, Jonathan S"]
[Result "1/2-1/2"]
[WhiteElo "2630"]
[BlackElo "2495"]
[PlyCount "118"]
[EventDate "1984.04.26"]
[EventType "tourn"]
[EventRounds "13"]
[EventCountry "ENG"]
[EventCategory "14"]
[SourceTitle "BritBase"]
[Source "John Saunders"]
[SourceDate "2020.09.07"]
[SourceVersion "1"]
[SourceVersionDate "2020.09.07"]
[SourceQuality "2"]

1. d4 Nf6 2. Nf3 e6 3. c4 d5 4. Bg5 Be7 5. Nc3 O-O 6. e3 Nbd7 7. Rc1 a6 8. c5
c6 9. Bd3 e5 10. dxe5 Ne8 11. Bf4 Nxc5 12. Bb1 Bg4 13. h3 Bh5 14. g4 Bg6 15.
Bf5 Nc7 16. h4 h5 17. Nd4 N7e6 18. Kf1 Nxd4 19. exd4 Ne6 20. Be3 c5 21. Bxe6
fxe6 22. gxh5 Bf5 23. h6 c4 24. hxg7 Rf7 25. Rg1 Rxg7 26. Rxg7+ Kxg7 27. Qf3
Qf8 28. Qg3+ Kf7 29. Ke2 Qh8 30. Bg5 Rg8 31. Rg1 b5 32. Qf4 Ke8 33. a3 Qh7 34.
Rg3 Rf8 35. Bf6 Qf7 36. Ke1 Bd3 37. Rf3 Qh5 38. Ne2 b4 39. Ng3 bxa3 40. bxa3
Qh7 41. Qd2 Kd7 42. Qb2 Kc7 43. Qc3 Kd7 44. Qb2 Kc7 45. Bxe7 Qxe7 46. Rxf8 Qxf8
47. Qc1 Qf3 48. Qe3 Qg2 49. Kd2 Qg1 50. Qf3 Qb1 51. Qf7+ Kb8 52. Qf8+ Ka7 53.
Qc5+ Ka8 54. Qc8+ Ka7 55. Qd7+ Ka8 56. Qe8+ Ka7 57. Qe7+ (57. Qd7+ Ka8 58. Qe8+
Ka7 59. Qe7+ Ka8 60. Qe8+ Ka7 61. Qd7+ Ka8 {was the finish according to Mega
Database 2007, but the bulletin is as per the text}) 57... Ka8 58. Qe8+ Ka7 59.
Qd7+ Ka8 1/2-1/2